000 00458nam a22001457a 4500
999 _c1783
_d1783
020 _a9780071093040
050 _aHB172
_b.558
100 _aDouglas W Copeland
110 _aDavid C Colander
245 _aStudent workbook for use with Microecomics, third edition [by] David C. Colander
_cDouglas W Copeland; David C Colander
250 _a3rd ed.
260 _aBoston, Mass.:
_bIrwin McGraw-Hill,
_c ©1998.
300 _aviii,241p.:
_bill.
_ccm.
942 _cBK